Normal view
MARC view
Entry Término temático
001 - NÚMERO DE CONTROL
- campo de control: 137669
003 - IDENTIFICADOR DEL NÚMERO DE CONTROL
- campo de control: OSt
005 - FECHA Y HORA DE LA ÚLTIMA TRANSACCIÓN
- campo de control: 20220127155832.0
008 - DATOS DE LONGITUD FIJA
- campo de control de longitud fija: 220127|| aca||aabn | a|a d
040 ## - FUENTE DE LA CATALOGACIÓN
- Centro catalogador/agencia de origen: OSt
- Centro/agencia transcriptor: OSt
150 ## - ENCABEZAMIENTO--TÉRMINO DE MATERIA
- Término de materia o nombre geográfico como elemento de entrada: Rumiantes
- Subdivisión general: Alimentación I. ENA. Departamento de Zootecnia II. t
670 ## - FUENTE DE DATOS ENCONTRADOS
- Cita de la fuente: Work cat.: (OSt)163494: Martínez Gómez, Carlos 72112, Evaluación cualitativa y utilización de residuos de candelilla (Euphorbia cerifera) en la alimentación de rumiantes /, 1977
